000 00252 a2200073 4500
245 0 _aPrzepisy konserwacji miejscowych sieci kablowych (Dokum.Techn.Nr 038) /
_c.
710 2 _aInstytut Łączności.
_eWydawca
_4pbl
260 _aWarszawa :
_bIŁ,
_c1956.
300 _aVII, 37 s.;
_c30 cm.
999 _c14544
_d14544